| 000 | 00605nam a22001577a 4500 | ||
|---|---|---|---|
| 020 | _a978-81-8296-428-0 | ||
| 082 |
_a823 _bJER/T |
||
| 100 | _aJEROME, K JEROME | ||
| 245 |
_aTHREE MEN IN A BOAT _bCLASS IX |
||
| 250 | _aFIRST EDITION | ||
| 260 |
_aDELHI _bARYA PUBLISHING COMPANY _c2012 |
||
| 300 | _a312 | ||
| 520 | _aThree Men in a Boat by Jerome K. Jerome is about three friends and a dog rowing their way along the Thames toward Oxford. The human characters on the boat are George, Harris, and the author, Jerome. The dog, Montmorency, is a rat terrier. | ||
| 650 |
_aSHORT STORY _zINDIA |
||
| 942 | _cBK | ||
| 999 |
_c3354 _d3354 |
||